000 00776nam a2200181Ia 4500
008 090124s9999 xx 000 0 und d
082 _b35432
100 _aसानेगुरुजी
245 _a साने गुरुजींच्या गोड गोष्टी : 7 बेबी सरोजा
250 _a0
260 _bकेशव भिकाजी ढवळे
_c1998
300 _a63
600 _aसानेगुरुजी
630 _a साने गुरुजींच्या गोड गोष्टी : 7 बेबी सरोजा
700 _aसानेगुरुजी
730 _a साने गुरुजींच्या गोड गोष्टी : 7 बेबी सरोजा
942 _cBOOK
999 _c101158
_d101158